zpět

Detail výsledku týmu

Forrum, Brno

Datum a čas kvízu

31 Celkem bodů Celkový počet nahraných bodů na tomto kvízu bez doplňovacích otázek.
5. Pořadí na kvízu Konečné umístění týmu na tomto kvízu.

Zaznamenané odpovědi

# Otázka Odpověď Body Výsledky
1. Která oceňovaná česká stavba o... vysílač a hotel na Ještědu 1
2. Jak nazvali italští meteorolog... Kerberos 1
3. Ve čtvrtek byla v Českém rozhl... Karel Gott 1
4. Minulý týden rozhodla česká vl... kratom, HHC (hexahydrokanabinol) 1
5. Uveďte název portugalského klu... Benfica Lisabon, David Jurásek 0.5
6. Průkopník teorie raketových le... D 1
7. Ve kterém roce došlo k vypuště... 1957 (Sputnik 1), 1961 (Gagarin) 0.5
8. Který americký prezident v rea... John Fitzgerald Kennedy 1
9. Na fotografii je sovětská vesm... na Venuši 1
10. Na území kterého státu USA se... Florida 1